Normal view MARC view
  • Servin, Felipe

Entry Nombre Personal

Number of records used in: 1

001 - NUMERO DE CONTROL

  • campo de control: 53481

003 - IDENTIFICADOR DE NUMERO DE CONTROL

  • campo de control: MX-MxUPN

005 - FECHA Y HORA DE LA ÜLTIMA TRANSACCIÓN

  • campo de control: 20240908180805.0

008 - DATOS DE LONGITUD FIJA

  • campo de control de longitud fija: 240908|| acz||aabn | aaa d

024 ## - OTROS IDENTIFICADORES NORMALIZADOS

  • Fuente: Viaf
  • Número normalizado o código: 252145857108022922690

040 ## - FUENTE DE CATALOGACIÓN

  • Agencia original de catalogación: BNCHL
  • Lenguaje de catalogación: spa
  • Agencia de transcripción: BNCHL
  • Agencia que lo modifica: MX-MxUPN

100 1# - ENCABEZAMIENTO - NOMBRE PERSONAL

  • Nombre personal: Servin, Felipe

373 ## - GRUPO ASOCIADO

  • Associated group: Universidad Nacional Autónoma de México

374 ## - OCUPACIÓN

  • Occupation: Profesor universitario

670 ## - FUENTE EN LA QUE SE LOCALIZARON DATOS

  • Cita de la fuente: Viaf, 08 septiembre 2024 :
  • Información localizada: (Servin, Felipe)
  • Uniform Resource Identifier: http://viaf.org/viaf/252145857108022922690

670 ## - FUENTE EN LA QUE SE LOCALIZARON DATOS

  • Cita de la fuente: Correspondencia oficial y prontuario del idioma, [1903'] :
  • Información localizada: portada (Felipe Servin profesor de la Universidad Nacional Autónoma de México)

902 ## - CATALOGADOR

  • Catalogador: MaríaRobles/080924